000 00453nam a2200145 i 4500
001 37677
003 ES-MaACL
007 t|
008 030221s1972 pe ||||1| spa d
100 1 _aCáceres Sánchez, María Leticia.
_933347
245 1 0 _aSilencio sonoro
_b: (poemario), 1954-1972 /
_cMaría Leticia Cáceres Sánchez.
260 _aArequipa :
_bEd. "El Sol",
_c[1972]
300 _a116 p. :
_bil. ;
_c21 cm.
852 _aES-MaACL
_jE-5787
_bR.89885
999 _c37677
_d37677